<?xml version="1.0" encoding="UTF-8"?>
<marc:record xmlns:marc="http://www.loc.gov/MARC21/slim">
   <marc:leader>00000nam a2200000 a 4500</marc:leader>
   <marc:datafield ind1="0" ind2="0" tag="245">
      <marc:subfield code="a">Findet Nemo </marc:subfield>
   </marc:datafield>
   <marc:datafield ind1=" " ind2="1" tag="264">
      <marc:subfield code="b">Walt Disney Studios Home Entertainment</marc:subfield>
      <marc:subfield code="c">2013</marc:subfield>
   </marc:datafield>
   <marc:datafield ind1="1" ind2=" " tag="520">
      <marc:subfield code="a">Im Schutze eines großen Riffs lebt die Familie von Clownsfisch Marlin relativ sicher und trotzdem werden seine Frau und nahezu alle seine Kinder Opfer eines gefräßigen Räubers. Das einzige ihm verbleibende Kind ist der kleine Nemo, der von da an besonders behütet wird. Doch die Neugier ist zu groß und prompt wird Nemo gefangen und zu den Menschen als Zierfisch gebracht. Durch ein paar Möwen erfährt Marlin alsbald, wo Nemo gelandet ist: im Aquarium eines Zahnarztes in Sydney. Mutig macht sich der Clownsfish mit seiner Freundin Dory, die allerdings ständig an Gedächtnisverlust leidet auf den Weg dorthin, wobei an Haien, Quallen und anderen Gefahren. Währenddessen ist Nemo nicht untätig und plant mit den anderen Aquariumsfischen einen gewagten Ausbruch aus ihrem Gefängnis </marc:subfield>
   </marc:datafield>
   <marc:datafield ind1="3" ind2=" " tag="024">
      <marc:subfield code="a">8717418371562</marc:subfield>
   </marc:datafield>
</marc:record>
